Lizard Families - Agamidae - Statistics

General Stats
  • This quiz has been taken 41 times
    33 since last reset
  • The average score is 20 of 457
Answer Stats
Subfamily Genus Species Common name % Correct
Ameliae | Martaretae | Modestus | Phaeospinosa -
100%
Agama Common agama
43%
Physignathus Cocincinus Chinese water dragon
29%
Pogona Barbata Eastern bearded dragon
29%
Chlamydosaurus Kingii Frill-necked lizard
29%
Vitticeps Central bearded dragon
21%
Himalayana Himalayan agama
21%
Mwanzae Mwanza flat-headed rock agama
21%
Minor Western bearded dragon
21%
Intellagama Lesueurii Australian water dragon
14%
Melanura Black agama
14%
Bocourti Bocourt's agama
14%
Boulengeri Boulenger's agama
14%
Lophosaurus Boydii Boyd's forest dragon
14%
Caucasia Caucasian agama
14%
Mutabilis Desert agama
14%
Aegyptia Egyptian mastigure
14%
Tournevillei Erg agama
14%
Etoshae Etosha agama
14%
Finchi Finch's agama
14%
Spinosa Gray's agama
14%
Capra Green pricklenape
14%
Agama Aculeata Ground agama
14%
Hartmanni Hartmann's agama
14%
Cristata | Insularis Insular agama
14%
Tuberculata Kashmir rock agama
14%
Lionotus Kenyan rock agama
14%
Lebretoni Lebreton's agama
14%
Mossambica Mozambique agama
14%
Mucosoensis Mucoso agama
14%
Planiceps Namib rock agama
14%
Pseudotrapelus Neumanni Neumann's agama
14%
Doriae Nigeria agama
14%
Ornata Ornate mastigure
14%
Persimilis Painted agama
14%
Pakistanica Pakistani agama
14%
Picticauda Peter's rock agama
14%
Pustulatus Philippine sailfin lizard
14%
Henrylawsoni Rankin's dragon
14%
Schmitzi Schmitz's agama
14%
Mystaceus Secret toadhead agama
14%
Taylori Shield-tailed agama
14%
Sinaitus Sinai agama
14%
Atra | Knobeli Southern rock agama
14%
Stellagama Stellio Starred agama
14%
Wilmsi Wilms's agama
14%
Flavimaculatus Yellow-spotted agama
14%
Megalonyx Afghan ground agama
7%
Clarkorum Afghan toadhead agama
7%
Laudakia Agrorensis Agror agama
7%
Euptilopus Alcock's toadhead agama
7%
Sacra Anan's rock agama
7%
Agaminae Acanthocercus Adramitanus Anderson's rock agama
7%
Arabicus Arabian toadhead agama
7%
Paralaudakia Badakhshana Badakhshana rock agama
7%
Gracilimembris Benin agama
7%
Benti Bent's mastigure
7%
Impalearis Bibron's agama
7%
Clayi Black-collared dragon
7%
Atricollis Black-necked agama
7%
Maculatus Blacktail toadhead agama
7%
Cyanogaster Blue-bellied ridgeback agama
7%
Gregorii | Minutus Blue-headed tree agama
7%
Trapelus Agilis Brilliant ground agama
7%
Gibba Bulldust ground dragon
7%
Amphibolurinae Amphibolurus Burnsi Burn's dragon
7%
Butlerorum Butler's dragon
7%
Centralis Centralian lashtail
7%
Nuchalis Central netted dragon
7%
Chapmani Chapman's dragon
7%
Vlangalii Ching Hai toadhead agama
7%
Leiolepidinae Leiolepis Belliana Common butterfly lizard
7%
Calotes Calotes Common green forest lizard
7%
Hispida Common spiny agama
7%
Cristatus Crested dragon
7%
Hispidus Dzhungar variegated toadhead agama
7%
Caudospinosa Elmenteita agama
7%
Annectans Eritrean rock agama
7%
Zonura Ethiopian ridgeback agama
7%
Cyanocephalus Falk's blue-headed tree agama
7%
Paragama False agama
7%
Forsythii Forsyth's toadhead agama
7%
Weidholzi Gambia agama
7%
Geyri Geyr's spiny-tailed lizard
7%
Lophognathus Gilberti Gilbert's lashtail
7%
Graafi Graaf's dragon
7%
Cryptagama Aurita Gravel dragon
7%
Scutellatus Gray toadhead agama
7%
Cristatella Green crested lizard
7%
Dayana Haridwar agama
7%
Muricatus Jacky dragon
7%
Kaimosae Kakamega agama
7%
Microlepidota Kimberley bearded dragon
7%
Kirkii Kirk's rock agama
7%
Kiwuensis Kivu blue-headed tree agama
7%
Kulagini Kulagin's variegated toadhead agama
7%
Nupta Large-scaled rock agama
7%
Bufoniceps Laungwalaensis Laungwala long-headed lizard
7%
Nuristanica Leviton's rock agama
7%
Interscapularis Lichtenstein's toadhead agama
7%
Femoralis Long-tailed sand dragon
7%
Lutensis Lut Desert toadhead agama
7%
Boueti Mali agama
7%
Norrisi Mallee Heath lashtail
7%
Fordi Mallee military dragon
7%
Wachirai Marsabit rock agama
7%
Stoliczkana Mongolian rock agama
7%
Montana Montane rock agama
7%
Ananjevae Natalie's toadhead agama
7%
Ocellata Ocellated spinytail
7%
Persicus | Ruderatus Olivier's agama
7%
Versicolor Oriental garden lizard
7%
Papenfussi Papenfuss's rock agama
7%
Fionii Peninsula dragon
7%
Persicus Persian toadhead agama
7%
Guentherpetersi Peter's ridgeback agama
7%
Przevalskii Przewalski's toadhead agama
7%
Erythrogaster Redbelly rock agama
7%
Rubrigularis Red-throated agama
7%
Rubritaeniata Reeves's butterfly lizard
7%
Reticulatus Reticulated toadhead agama
7%
Caudicinctus Ring-tailed bicycle-dragon
7%
Chelosania Brunnea Ring-tailed dragon
7%
Roborowskii Roborowski's toadhead agama
7%
Rouxii Roux's forest lizard
7%
Rueppelli Ruppell's agama
7%
Erythrurus Sagus Kul lizard
7%
Savignii Savigny's agama
7%
Sankaranica Senegal agama
7%
Frontalis Shansi toadhead agama
7%
Coryphophylax Subcristatus Short-crested Bay Island forest lizard
7%
Brevicauda Short-tailed Bay Island forest lizard
7%
Microlepis Small-scaled agama
7%
Bottegi Somali agama
7%
Guttatus Spotted toadhead agama
7%
Sanguinolentus Steppe agama
7%
Strauchi Strauch's toadhead agama
7%
Dispar Sudan mastigure
7%
Helioscopus Sunwatcher toadhead agama
7%
Decresii Tawny dragon
7%
Theobaldi Theobald's toadhead agama
7%
Armata Tropical spiny agama
7%
Lehmanni Turkestan agama
7%
Versicolor Tuvan toadhead agama
7%
Ugandaensis Uganda blue-headed tree agama
7%
Rossikowi Uzbekistan toadhead agama
7%
Weberi Weber's sailfin lizard
7%
Africana West African rainbow lizard
7%
Ctenophorus Adelaidensis Western heath dragon
7%
Anchietae Western rock agama
7%
Wui Wui's rock agama
7%
Axillaris Yarkand toadhead agama
7%
Luteoguttatus Yellow-speckled toadhead agama
7%
Gonocephalus Abbotti Abbott's crested lizard
0%
Austeniana Abor Hills agama
0%
Dasi Agaupani mountain lizard
0%
Hydrosaurinae Hydrosaurus Amboinensis Amboina sailfin lizard
0%
Salea Anamallayana Anaimalai spiny lizard
0%
Japalura Andersoniana Anderson's mountain lizard
0%
Pyrius Angle-headed dragon
0%
Aorun Aorun mountain dragon
0%
Draconinae Acanthosaura Armata Armored pricklenape
0%
Fasciatum Banded japalure
0%
Mirrityana Barrier Range dragon
0%
Mccartneyi Bathurst grassland earless dragon
0%
Bellii Bell's anglehead lizard
0%
Bintangensis Bintang horned tree lizard
0%
Melanopogon Black-bearded gliding lizard
0%
Nigrilabris Black-cheek lizard
0%
Nigrilabris Blacklipped eyebrow lizard
0%
Nigristigma Black-spotted kangaroo lizard
0%
Complicitus Nigrigularis Blackthroated bloodsucker
0%
Jugularis Black-throated two-pored dragon
0%
Blanfordii Blanford's flying dragon
0%
Psammophilus Blanfordanus Blanford's rock agama
0%
Megalepis Bleeker's forest dragon
0%
Cephalus Blotch-tailed earless dragon
0%
Boehmei Böhme’s butterfly lizard
0%
Bornensis Borneo anglehead lizard
0%
Interruptus Boulenger's forest dragon
0%
Crucigera Boulenger's pricklenape
0%
Dendragama Boulengeri Boulenger's tree agama
0%
Bowoense Bowo mountain dragon
0%
Laticeps Broad-headed fan-throated lizard
0%
Wiegmanni Brown-patched kangaroo lizard
0%
Lepidogaster Brown pricklenape
0%
Bruijnii Bruijn's forest dragon
0%
Larutensis Bukit Larut false garden lizard
0%
Peguensis Burmese butterfly lizard
0%
Microlepis Burmese false bloodsucker
0%
Bronchocela Burmana Burmese green crested lizard
0%
Sagittifera Burmese japalure
0%
Lineata Canberra grassland earless dragon
0%
Winneckei Canegrass dragon
0%
Diporiphora Adductus Carnarvon dragon
0%
Centralis Central Australian earless dragon
0%
Isolepis Central military dragon
0%
Ceylonensis Ceylon bloodsucker
0%
Cophotis Ceylanica Ceylon deaf agama
0%
Chamaeleontinus Chameleon forest dragon
0%
Reevesii Chinese butterfly lizard
0%
Varcoae Chinese japalure
0%
Salinarum Claypan dragon
0%
Tympanocryptis Argillosa Claypan earless dragon
0%
Volans Common flying dragon
0%
Sumatranus Common gliding lizard
0%
Condaminensis Condamine earless dragon
0%
Cristatellus Crested flying dragon
0%
Ludekingi Crested lizard
0%
Coronata Crowned spiny lizard
0%
Convergens Crystal Creek two-lined dragon
0%
Danieli Daniel's forest lizard
0%
Fusca Dark sitana
0%
Sarada Darwini Darwin's large fan-throated lizard
0%
Guttalineatus Dash-lined false garden lizard
0%
Deccanensis Deccan fan-throated lizard
0%
Ornatus Denzer's forest dragon
0%
Sitana Devakai Devaka's fan-throated lizard
0%
Doriae Doria's angle-headed lizard
0%
Dringi Dring's false garden lizard
0%
Drogon Drogon's false garden lizard
0%
Dumbara Dumbara agama
0%
Fusca Dusky earless agama
0%
Formosus | Obscurus Dusky gliding lizard
0%
Mckenziei Dwarf bicycle dragon
0%
Drukdaypo Dwarf mountain dragon
0%
Dymondi Dymond's japalure
0%
Spinodomus Eastern Mallee dragon
0%
Australis Eastern two-line dragon
0%
Monilesaurus Ellioti Elliot's forest lizard
0%
Iadinum Emerald mountain dragon
0%
Erdeleni Erdelen's horned lizard
0%
Uniformis Even-scaled earless dragon
0%
Pentalineata Five-lined earless dragon
0%
Quinquefasciatus Five-lined flying dragon
0%
Emma Forest garden lizard
0%
Fortescuensis Fortescue pebble-mimic dragon
0%
Fimbriatus Fringed flying dragon
0%
Gigas Gascoyne pebble-mimic dragon
0%
Tolleyi Gawler earless dragon
0%
Guttata Giant butterfly lizard
0%
Grandis Giant forest dragon
0%
Intima Gibber earless dragon
0%
Parviceps Gnaraloo heath dragon
0%
Gokakensis Gokak fan-throated lizard
0%
Pseudopsephos Goldfields pebble-mimic dragon
0%
Gracilis Gracile two-lined dragon
0%
Grahami Graham's japalure
0%
Granulifera Granulated two-lined dragon
0%
Maximus Great flying dragon
0%
Pseudocalotes Andamanensis Green crestless forest lizard
0%
Ptyctolaemus Gularis Green fan-throated lizard
0%
Splendidum Green striped tree dragon
0%
Paraconvergens Grey-striped western desert dragon
0%
Carpentariensis Gulf two-lined dragon
0%
Smaragdina Günther's bloodsucker
0%
Guentheri Günther's flying lizard
0%
Rayaensis Gunung Raya green crested lizard
0%
Diabolicus Hamersley pebble-mimic dragon
0%
Hamptoni Hampton's japalure
0%
Minor Hardwicke's bloodsucker
0%
Hardwickii Hardwicke's spiny-tailed lizard
0%
Fictilis Harlequin earless dragon
0%
Hikidanus Hikida's forest dragon
0%
Horsfieldii Horsfield's spiny lizard
0%
Houstoni Houston's earless dragon
0%
Phoxophrys Tuberculata Hubrecht's eyebrow lizard
0%
Lyriocephalus Scutatus Hump-nosed lizard
0%
Dussumieri Indian flying lizard
0%
Otocryptis Beddomii Indian kangaroo lizard
0%
Indochinensis Indochinese flying lizard
0%
Mystaceus Indo-Chinese forest lizard
0%
Aphaniotis Acutirostris Indonesia earless agama
0%
Tympanistriga Indonesian false bloodsucker
0%
Dilophus Indonesian forest dragon
0%
Uromastycinae Saara Asmussi Iranian mastigure
0%
Loricata Iraqi mastigure
0%
Tricinctus Java nose-horned lizard
0%
Jerdoni Jerdon's forest lizard
0%
Kakhienensis Kakhyen Hills spiny lizard
0%
Karu Karu's horned lizard
0%
Maria Khasi Hills forest lizard
0%
Phrynocephalus Ahvazicus Khuzestan toadhead agama
0%
Perplexa Kimberley rock dragon
0%
Bennettii Kimberley sandstone dragon
0%
Kingdonwardi Kingdonward's bloodsucker
0%
Klossi Kloss's forest dragon
0%
Kumaonensis Kumaon mountain lizard
0%
Nguyarna Lake Disappointment dragon
0%
Maculosus Lake Eyre dragon
0%
Poilani Laotian false bloodsucker
0%
Major Large mountain lizard
0%
Grandisquamis Large-scaled forest lizard
0%
Infans Laverton ring-tailed dragon
0%
Biaro Lazell's flying dragon
0%
Petersi Lined earless dragon
0%
Lineatus | Modiglianii Lined flying dragon
0%
Longi Long's forest dragon
0%
Gowidon Longirostris Long-snouted lashtail
0%
Tetraporophora Long-tailed earless dragon
0%
Scutulatus Lozenge-marked dragon
0%
Macfadyeni Macfadyen's mastigure
0%
Microlophus Makassar sailfin lizard
0%
Flavigula Malaya false bloodsucker
0%
Titiwangsaensis Malayan Mountain horned agamid
0%
Manamendrai Manamendra-Arachchi's whistling lizard
0%
Jubata Maned forest lizard
0%
Lacunosus Manthey's forest dragon
0%
Marmorata Marbled bloodsucker
0%
Medogensis Medog bloodsucker
0%
Menghaiense Menghai mountain lizard
0%
Mindanensis Mindanao flying dragon
0%
Semperi Mindoro forest dragon
0%
Zolaiking Mizoram Montane forest lizard
0%
Cephalum Mocquard's eyebrow lizard
0%
Modestus Modest forest dragon
0%
Modiglianii Modigliani's nose-horned lizard
0%
Osbornei Monaro grassland earless dragon
0%
Montanus Montane forest lizard
0%
Desilvai Morningside lizard
0%
Nigriventris Moroccan spiny-tailed lizard
0%
Rankinia Diemensis Mountain heath dragon
0%
Amphiboluroides Mulga dragon
0%
Thondalu Nagarjuna Sagar fan-throated lizard
0%
Diploderma Angustelinea Narrow-striped mountain dragon
0%
Sophiae Negros forest dragon
0%
Geelvinkianus New Guinea forest dragon
0%
Ngovantrii Ngo Van Tri's lady butterfly lizard
0%
Ensicauda Nias nose-horned lizard
0%
Nemoricola Nilgiri forest lizard
0%
Nobbi Nobbi lashtail
0%
Uromastyx Acanthinura North African mastigure
0%
Lalliae Northern deserts dragon
0%
Godeffroyi Northern forest dragon
0%
Vescus Northern Pilbara tree dragon
0%
Sobria Northern savannah two-pored dragon
0%
Bilineata Northern two-line dragon
0%
Mitchelli Northwest bearded dragon
0%
Norvillii Norvill's flying lizard
0%
Nullarbor Nullarbor bearded dragon
0%
Ocellata Ocellated butterfly lizard
0%
Tjantjalka Ochre dragon
0%
Thomasi Omani spiny-tailed lizard
0%
Orlovi Orlov's forest lizard
0%
Ornatus Ornate dragon
0%
Ornata Ornate earless agama
0%
Makii Ota's japalure
0%
Cristidorsa Otai Ota's mountain lizard
0%
Pictus Painted dragon
0%
Pallida Pale two-pored dragon
0%
Visiri Palm leaf fan-throated lizard
0%
Panchi Panchi mountain dragon
0%
Panlong Pan Long mountain dragon
0%
Papuensis Papua forest dragon
0%
Dorsalis Peninsula rock agama
0%
Guentherpetersi Peters's butterfly lizard
0%
Pethiyagodai Pethiyagoda's crestless lizard
0%
Spilopterus Philippine flying dragon
0%
Phillipsii Philipps's ridgeback agama
0%
Phuketensis Phuket horned tree agamid
0%
Mantheyus Phuwuanensis Phuwua rock agama
0%
Pindan Pindan two-line dragon
0%
Linga Pink two-line dragon
0%
Reginae Plain-backed two-line dragon
0%
Ponticeriana Pondichéry fan-throated lizard
0%
Princeps Princely spiny-tailed lizard
0%
Cybelidermus Purple-throated false garden lizard
0%
Qilin Qilin mountain dragon
0%
Quadrasi Quadras's flying lizard
0%
Vadnappa Red-barred dragon
0%
Haematopogon Red-bearded flying dragon
0%
Rubens Reddening sand-dragon
0%
Rhaegal Rhaegal's false garden lizard
0%
Tennentii Rhinoceros agama
0%
Stoddartii Rhino-horned lizard
0%
Robecchii Robecchii's agama
0%
Malayodracon Robinsonii Robinson's anglehead lizard
0%
Wilsoni Roma earless dragon
0%
Ceratophora Aspera Rough-nosed horned lizard
0%
Rufescens Rusty dragon
0%
Polygonatum Ryukyu japalure
0%
Pelturagonia Borneensis Sabah eyebrow lizard
0%
Vela Sail mountain lizard
0%
Spiniceps Sarawak eyebrow lizard
0%
Macra Savannah earless dragon
0%
Alfredschmidti Schmidt's mastigure
0%
Schneideri Schneider's tree agama
0%
Brevipes Short-legged japalure
0%
Draco Abbreviatus Singapore flying dragon
0%
Sivalensis Siwalik sitana
0%
Slateri Slater's dragon
0%
Microauris Aurantolabium Small-eared dragon
0%
Paulus Small forest lizard
0%
Planidorsata Smooth-scaled mountain lizard
0%
Laeviventre Smooth-venter mountain dragon
0%
Macrolepis Solomons tree dragon
0%
Yemenensis South Arabian spiny-tailed lizard
0%
Spinipes Southern forest dragon
0%
Valens Southern Pilbara spinifex dragon
0%
Liocephalus Spineless forest lizard
0%
Spinaecephalus Spiny-headed fan-throated lizard
0%
Acanthocephalus Spiny-headed forest lizard
0%
Baliomus Spot-shouldered false garden lizard
0%
Maculatus Spotted flying dragon
0%
Maculatus Spotted military dragon
0%
Rhammanotus Stitch-backed false garden lizard
0%
Schleichi Suklaphantah sitana
0%
Celebensis Sulawesi bloodsucker
0%
Spilonotus Sulawesi lined gliding lizard
0%
Celebensis Sulawesi sailfin lizard
0%
Hayeki Sumatra bloodsucker
0%
Beyschlagi Sumatra forest dragon
0%
Harpesaurus Beccarii Sumatra nose-horned lizard
0%
Superba Superb large fan-throated lizard
0%
Superba Superb two-line dragon
0%
Sushili Sushil's fan-throated lizard
0%
Tropicagama Temporalis Swamplands lashtail
0%
Swild Swild mountain dragon
0%
Flaviceps Szechwan japalure
0%
Swinhonis Taiwan japalure
0%
Rustica Tennant Creek pebble dragon
0%
Triploida Thai butterfly lizard
0%
Floweri Thai false bloodsucker
0%
Taeniopterus Thai flying dragon
0%
Moloch Horridus Thorny devil
0%
Tricarinata Three-keeled mountain lizard
0%
Timoriensis Timor flying dragon
0%
Liogaster Tropical forest dragon
0%
Hypsilurus Binotatus Two-marked forest dragon
0%
Bimaculatus Two-spotted flying lizard
0%
Ukuwelai Ukuwela's rough-horn lizard
0%
Xenagama Batillifera Vaillant's strange agama
0%
Variegata Variegated mountain lizard
0%
Formosgula Vibrant-gulared mountain dragon
0%
Pinguicolla Victorian grassland earless dragon
0%
Brevipes Vietnam false bloodsucker
0%
Viserion Viserion's false garden lizard
0%
Schoedei Vogt's forest dragon
0%
Reticulatus Western netted dragon
0%
Liolepis Whistling lizard
0%
Albilabris White-lipped two-line dragon
0%
Ornatus White-spotted flying lizard
0%
Lophocalotes Achlios White-throated crested dragon
0%
Flavilabre Yellow-lipped mountain dragon
0%
Magna Yellow-sided two-lined dragon
0%
Yinnietharra Yinnietharra rock dragon
0%
Yunnanense Yunnan japalure
0%
Ziegleri Ziegler's tree lizard
0%
No matching quizzes found
Score Distribution
Percent of People with Each Score
Percentile by Number Answered
Your Score History
You have not taken this quiz since the last reset